| 000 | 00701 a2200241 4500 | ||
|---|---|---|---|
| 999 |
_c200129786 _d31228 |
||
| 001 | 200129786 | ||
| 003 | TR-AnTOB | ||
| 005 | 20241129155055.0 | ||
| 008 | 130611b tu 000 0 | ||
| 040 |
_aTR-AnTOB _cTR-AnTOB |
||
| 041 | _atur | ||
| 050 | 0 | 0 |
_aNK2115.5.S76 _b.K35 |
| 090 | _aNK2115.5.S76 .K35 | ||
| 245 | 0 | 0 |
_aKalestone / _cKale Grubu. |
| 264 | 1 |
_a[İstanbul] : _b[s.n.], _c[date of publication not identified] |
|
| 300 | _c31 cm. | ||
| 650 | 0 |
_aStone in interior decoration _vCatalogs _990677 |
|
| 650 | 0 |
_aTaş, İç dekorasyonda _vKataloglar _990678 |
|
| 710 | 1 |
_aKale Grubu. _bÇanakkale Seramik _990701 |
|
| 710 |
_aKale Grubu. _bKalebodur _987608 |
||
| 942 |
_cBK _2lcc |
||